| 000 | 00562nam a2200193Ia 4500 | ||
|---|---|---|---|
| 008 | 140626s9999 xx 000 0 und d | ||
| 100 | _aSapiay, Fe Marie. | ||
| 245 |
_aInfluence of parents in improving the subject ratings of grade three pupils of Piddig District / _cFe Marie Sapiay. |
||
| 260 | _cc2012. | ||
| 300 | _a61 : 7, page 254 | ||
| 440 | _aThe Modern Teacher | ||
| 521 | _aSPED | ||
| 650 | _aEducation. | ||
| 650 | _aParent influence. | ||
| 650 | _aPhilippines. | ||
| 650 | _aPiddig district. | ||
| 650 | _aSubject ratings. | ||
| 942 | _cSE | ||
| 999 |
_c120992 _d120992 |
||